000 00305cam a22001097a 4500
008 180718b1985 xxu||||| |||| 00| 0 eng d
082 _aO91 In2
245 _aWorld environment
_cby Lok Sabha Secretariat
260 _aNew Delhi
_bLok Sabha Secretariat
_c1985
300 _a--
700 _aLok Sabha Secretariat
999 _c494164
_d494164